LEADER 01332nam0 22002771i 450 001 UON00381417 005 20231205104529.645 100 $a20100514d1962 |0itac50 ba 101 $afre 102 $aFR 105 $a|||| ||||| 200 1 $aÉtude sur la dérivation suffixale en français moderne et contemporain $eessai d'interprétation des mouvements observ?es dans le domaine de la morphologie des mots construits$fJean Dubois 205 $aParis : Larousse$b1962 210 $a XI$d118 p. ; 25 cm 215 $aSul front.: Thèse complémentaire pour le Doctorat ès Lettres présentèere a la Faculté des Lettres et sciences Humaines de l'Université de Paris. 606 $aLingua francese$xGrammatica$3UONC039767$2FI 620 $aFR$dParis$3UONL002984 676 $a445$cGrammatica del francese standard$v21 700 1$aDUBOIS$bJean$3UONV042109$0377410 712 $aLibrairie Larousse$3UONV248958$4650 801 $aIT$bSOL$c20250627$gRICA 899 $aSIBA - SISTEMA BIBLIOTECARIO DI ATENEO$2UONSI 912 $aUON00381417 950 $aSIBA - SISTEMA BIBLIOTECARIO DI ATENEO$dSI IX DUB 4 $eSI SFR5214 5 4 $sBuono 996 $aÉtude sur la dérivation suffixale en français moderne et contemporain$91357383 997 $aUNIOR